000 00529nam a2200193 a 4500
005 20230527063521.0
008 991125s1978 es 000 0 spa u
020 _a8425405939
035 _aUPN01000000956
049 _aCG
050 4 _aHQ796
_bA48 1978
245 0 3 _aLa adolescencia /
_cCl. Allaer ... [et al.] ; tr. Josep A. Pombo.
250 _a2a ed.
260 _aBarcelona [Esp.] :
_bHerder,
_c1978.
300 _a426 p.
650 4 _aPsicologĂ­a del adolescente
_91013
700 1 _aAllaer, Cl.,
_ecoaut.
905 _aLibro
999 _c956
_d956